Las enfermedades mentales en la República Mexicana : una investigación socioepidemiológica con marco teórico psicoanalítico y materialista histórico /

Uno de los objetivos de esta investigación es obtener un conocimiento lo más preciso posible de la existencia, característica nosográfica y distribución de las enfermedades mentales en la República Mexicana, así como sus correlaciones desde las perspectivas socioeconómica, demográfica y cultural.

Gespeichert in:
Bibliographische Detailangaben
1. Verfasser: Matrajt K., Miguel (autor)
Weitere Verfasser: Peña, Sergio de la (presentación) (presentación)
Format: Buch
Sprache:Spanisch
Veröffentlicht: México : Taller Abierto, 1987, c1987
Schlagworte:
Tags: Tag hinzufügen
Keine Tags, Fügen Sie das erste Tag hinzu!

MARC

LEADER 00000nam^a2200000^a^4500
001 000568858
005 20250521000000.0
009 20260310132156.74
020 |a 968-6148-01-9 
037 |a Acervo ITESO - Biblioteca 
041 |a ESP 
082 |a 616. 89  |b MAT 
100 |a Matrajt K., Miguel  |e (autor) 
245 1 4 |a Las enfermedades mentales en la República Mexicana :  |b una investigación socioepidemiológica con marco teórico psicoanalítico y materialista histórico /  |c M. Matrajt K., presen. de S. de la Peña. 
264 4 |a México :  |b Taller Abierto,  |c 1987, c1987 
300 |a 180 p. 
336 |a texto  |b txt  |2 rdacontenido 
337 |a sin mediación  |b n  |2 rdamedio 
338 |a volumen  |b nc  |2 rdasoporte 
520 |a Uno de los objetivos de esta investigación es obtener un conocimiento lo más preciso posible de la existencia, característica nosográfica y distribución de las enfermedades mentales en la República Mexicana, así como sus correlaciones desde las perspectivas socioeconómica, demográfica y cultural. 
561 |a Ex libris de Juan Digo Castillo 
649 |a XX 
650 |a Mexicanos -  |x Condiciones Psicológicas -  |x Tema Principal 
650 |a Materialismo Histórico y Dialéctico 
650 |a Psicopatología -  |z México -  |x Aspectos Sociales y Culturales 
650 |a Psicopatología -  |z México -  |x Tema Principal 
650 |a Psicoanálisis 
650 |a Etnopsicología 
650 |a Psicología Política 
650 |a Psicología Social 
700 |a Peña, Sergio de la  |e (presentación) 
910 |a Fondo Castillo-Martínez 
920 |a Impresos - Libros 
930 |a Fondos Especiales 
905 |a 127 
901 |a 0500371208  |b IT2  |c ESP  |i D129484  |u 20250521 
902 |a https://opac.biblio.iteso.mx/vufind/Record/000568858